Geografia per immagini - L - Statistics

Statistiche generali
  • Questo quiz è stato fatto 3.385 volte
  • Il punteggio medio è 12 su 21
Statistiche sulle risposte
con Immagini Hint Risposta % Corretto
(regione) Lombardia
98%
(museo) Louvre
98%
(città) Los Angeles
87%
(paese) Libano
85%
(città) Las Vegas
82%
(microstato) Liechtenstein
78%
(regione) Lapponia
73%
(paese) Liberia
68%
(lago italo-svizzero) Lago di {Lugano}
61%
(paese / città) Lussemburgo
59%
(bacino acqueo) Laguna
55%
(mare) Mar {Ligure}
55%
(fiume) Loira
54%
(città) Londra
53%
(città) Lisbona
35%
(vecchio nome di questa città) Leningrado
32%
(città) Luxor
31%
(lago) Ladoga
19%
(città) Lhasa
15%
(fiume) Lena
13%
(isola) Luzon
10%
Nessun quiz corrispondente trovato
Distribuzione punteggi
Percentuale di utenti per punteggio
Percentile per numero di risposta
I tuoi punteggi nel tempo
Non hai fatto questo quiz